States of Mexico Quiz Stats

 Plays Quiz Updated Mar 15, 2020

     
Support Sporcle.
Go Orange.
Score 0/31 Timer 08:00
24 Plays Today
% Correct
Baja California
91.3%
Chihuahua
87.9%
México
85.5%
Yucatán
84.1%
Baja California Sur
81.9%
Sonora
80%
Oaxaca
75.8%
Veracruz
73.3%
Nuevo León
71.6%
Durango
71.4%
Sinaloa
71%
Jalisco
70.8%
Tabasco
70.7%
Chiapas
69.8%
Quintana Roo
68.3%
Puebla
66.4%
% Correct
Guerrero
65%
Aguascalientes
62.6%
Coahuila
62.2%
Hidalgo
61%
Campeche
60.5%
Zacatecas
59.2%
Tamaulipas
58.7%
San Luis Potosí
58.2%
Nayarit
57.5%
Colima
57.3%
Michoacán
56.7%
Morelos
55%
Tlaxcala
52.5%
Guanajuato
50.9%
Querétaro
49.2%

From the Vault

TV Show Opening Credits

by miyomiyo

This might be hard for those of you with Tivo, as you probably fast forward past this screen.
Remove Ads.
Support Sporcle.
Get the best of Sporcle when you Go Orange. This ad-free experience offers more features, more stats, and more fun while also helping to support Sporcle. Thank you for becoming a member.

Show Comments

Extras

Top Quizzes Today


Score Distribution

Your Account Isn't Verified!

In order to create a playlist on Sporcle, you need to verify the email address you used during registration. Go to your Sporcle Settings to finish the process.

Report this User

Report this user for behavior that violates our Community Guidelines.

Details: